000 00343 a2200157 4500
001 193147
020 _a978-85-16-07139-4
040 _cMagnum
100 _aFurnari, Eva
240 1 0 _aProblemas boborildos
_lpor
245 1 0 _aProblemas boborildos
300 _a31
362 0 _a2011
697 _aLITERATURA INFANTO-JUVENIL
942 _cBK
999 _c193147
_d193147